Panamá: evolución económica durante 1993 /
El documento presenta un análisis de los rasgos generales de la evolución de la actividad económica, las tendencias de la oferte y demanda globales, evolución de los principales sectores comerciales, el empleo y la pobreza en Panamá. Asimismo, en materia de comercio exterior se analiza el comercio...
Gespeichert in:
| Körperschaft: | |
|---|---|
| Format: | Text |
| Sprache: | Spanish |
| Veröffentlicht: |
México D.F.:
CEPAL
1993
|
| Schlagworte: | |
| Tags: |
Tag hinzufügen
Keine Tags, Fügen Sie den ersten Tag hinzu!
|
MARC
| LEADER | 00000 a a2200000 04500 | ||
|---|---|---|---|
| 001 | 25190 | ||
| 003 | cru CIDCACS/IIS | ||
| 005 | 20230529121418.0 | ||
| 008 | 220801e1993 mx ||||| |||| 00| 0 spa d | ||
| 040 | |c cru IIS | ||
| 090 | |a 03.02.03 C399p | ||
| 110 | 2 | |a Organización de las Naciones Unidas para la Educación, Ciencia y la Cultura, UNESCO |9 9281 | |
| 245 | |a Panamá: evolución económica durante 1993 / |c Organización de las Naciones Unidas para la Educación, Ciencia y la Cultura (UNESCO) | ||
| 260 | |a México D.F.: |b CEPAL |c 1993 | ||
| 300 | |a 42 páginas | ||
| 520 | |a El documento presenta un análisis de los rasgos generales de la evolución de la actividad económica, las tendencias de la oferte y demanda globales, evolución de los principales sectores comerciales, el empleo y la pobreza en Panamá. Asimismo, en materia de comercio exterior se analiza el comercio de bienes y servicios, el pago de factores y saldos de la cuenta corriente y el endeudamiento externo. Sin dejar de lado la política fiscal y demás aspectos de la política económica. | ||
| 650 | |a ECONOMIA | ||
| 650 | |a COMERCIO | ||
| 650 | |a POLITICA FISCAL | ||
| 650 | |a POLITICA ECONOMICA | ||
| 650 | |a PANAMA | ||
| 942 | |2 ddc |c LI |h 03.02.03 C399p |i 04131 |6 030203_C399P_04131 | ||
| 999 | |c 14583 |d 14583 | ||
